000 00423nam a2200157Ia 4500
005 20250303103409.0
008 231217s9999 xx 000 0 und d
020 _a9788131407875
082 _a658.8 SAN;3
100 _aSangeetha, K ed.
245 0 _aIcfai university press on marketing paradigms
260 _c2007
_bIcfai
_aHyderabad
300 _avi, 253
650 _aIcfai,press,marketing,paradigms
942 _cAA
999 _c190553
_d190553